Ngữ văn 11 : Nâng cao

Shranjeno v:
Bibliografske podrobnosti
Glavni avtor: Trần, Đình Sử
Format: Knjiga
Jezik:Undetermined
Izdano: Hà Nội Giáo dục 2013
Teme:
Oznake: Označite
Brez oznak, prvi označite!
Thư viện lưu trữ: Trung tâm Học liệu Trường Đại học Cần Thơ
LEADER 00664nam a2200217Ia 4500
001 CTU_182481
008 210402s9999 xx 000 0 und d
020 |c 10600 
082 |a 495.9220712 
082 |b S550/T.1 
100 |a Trần, Đình Sử 
245 0 |a Ngữ văn 11 : 
245 0 |b Nâng cao 
245 0 |c Trần Đình Sử ( tổng chủ biên ) ... [ et al. ] 
260 |a Hà Nội 
260 |b Giáo dục 
260 |c 2013 
650 |a Vietnamese literature,Văn học Việt Nam 
650 |x Teacher's book,Sách giáo viên 
904 |i Tuyến 
980 |a Trung tâm Học liệu Trường Đại học Cần Thơ